Tư tưởng nghệ thuật của Cao Bá Quát qua thơ chữ Hán

Chân dung bậc Thánh thơ - Nhà nho Cao Bá Quát. Quan niệm nhân sinh qua nhãn quan nghệ thuật của nhà nho tài tử. Nét độc đáo trong tư tưởng Văn chương - Vật báu lớn của Thánh thơ Cao Bá Quát

Na minha lista:
Detalhes bibliográficos
Autor principal: Ngô Hòa Liên
Outros Autores: Nguyễn Phong Nam PGS.TS (Hướng dân)
Formato: Livro
Idioma:Vietnamese
Publicado em: Đà Nẵng Đại học Đà Nẵng 2010
Assuntos:
Tags: Adicionar Tag
Sem tags, seja o primeiro a adicionar uma tag!
Thư viện lưu trữ: Mạng thư viện Đại học Đà Nẵng
LEADER 01565nam a2200361 4500
001 000010666
003 6874
005 20111216101204.0
008 111216s2010 viesd
041 |a vie 
072 |a Luận văn Thạc sĩ Khoa học 
082 |a 895.9221  |b NG-L 
100 |a Ngô Hòa Liên 
245 |a Tư tưởng nghệ thuật của Cao Bá Quát qua thơ chữ Hán  |c Ngô Hòa Liên 
260 |a Đà Nẵng  |b Đại học Đà Nẵng  |c 2010 
300 |a 104 tr.  |c 29 cm  |e CD. Tóm tắt 
500 |a Luận văn thạc sĩ Khoa học xã hội và nhân văn. Văn học Việt Nam. Mã số: 60.22.34. 
520 |a Chân dung bậc Thánh thơ - Nhà nho Cao Bá Quát. Quan niệm nhân sinh qua nhãn quan nghệ thuật của nhà nho tài tử. Nét độc đáo trong tư tưởng Văn chương - Vật báu lớn của Thánh thơ Cao Bá Quát 
653 |a Văn học Việt 
653 |a Thơ 
653 |a Luận văn Thạc sĩ Xã hội và nhân văn 
653 |a Văn học 
700 |a Nguyễn Phong Nam  |c PGS.TS  |e Hướng dân 
OWN |a LSP 
AVA |a UDN50  |b LSP  |d 895.9221 NG-L  |e available  |t Error 5001 Not defined in file expand_doc_bib_avail.  |f 1  |g 0  |h N  |i 0  |k 1 
999 |a From the UDN01 
AVA |a UDN50  |b LSP  |d 895.9221 NG-L  |e available  |t Error 5001 Not defined in file expand_doc_bib_avail.  |f 1  |g 0  |h N  |i 0  |k 1 
TYP |a Monograph 
TYP |a Printed language 
980 |a Mạng thư viện Đại học Đà Nẵng